<?xml version="1.0" encoding="UTF-8"?>
<marc:record xmlns:marc="http://www.loc.gov/MARC21/slim">
   <marc:leader>00000nam a2200000 a 4500</marc:leader>
   <marc:datafield ind1="1" ind2=" " tag="100">
      <marc:subfield code="a">Stellmacher, Hermien</marc:subfield>
      <marc:subfield code="4">ctb</marc:subfield>
      <marc:subfield code="e">Mitwirkende/-r</marc:subfield>
   </marc:datafield>
   <marc:datafield ind1="1" ind2=" " tag="100">
      <marc:subfield code="a">Scharff-Kniemeyer, Marlis</marc:subfield>
      <marc:subfield code="4">ctb</marc:subfield>
      <marc:subfield code="e">Mitwirkende/-r</marc:subfield>
   </marc:datafield>
   <marc:datafield ind1=" " ind2=" " tag="653">
      <marc:subfield code="a">Geschwister</marc:subfield>
   </marc:datafield>
   <marc:datafield ind1=" " ind2=" " tag="653">
      <marc:subfield code="a">Eifersucht</marc:subfield>
   </marc:datafield>
   <marc:datafield ind1=" " ind2=" " tag="653">
      <marc:subfield code="a">Familienzuwachs</marc:subfield>
   </marc:datafield>
   <marc:datafield ind1=" " ind2=" " tag="653">
      <marc:subfield code="a">Softcover</marc:subfield>
   </marc:datafield>
   <marc:datafield ind1=" " ind2=" " tag="653">
      <marc:subfield code="a">Karte</marc:subfield>
   </marc:datafield>
   <marc:datafield ind1=" " ind2=" " tag="653">
      <marc:subfield code="a">Jugendbuch / Bilderbücher</marc:subfield>
   </marc:datafield>
   <marc:datafield ind1=" " ind2=" " tag="653">
      <marc:subfield code="a">Bilderbuch</marc:subfield>
   </marc:datafield>
   <marc:datafield ind1="0" ind2="0" tag="245">
      <marc:subfield code="a">Ich mag dich sehr, ich hab dich lieb</marc:subfield>
   </marc:datafield>
   <marc:datafield ind1="0" ind2="0" tag="245">
      <marc:subfield code="b">eine Geschwister-Geschichte</marc:subfield>
   </marc:datafield>
   <marc:datafield ind1=" " ind2="1" tag="264">
      <marc:subfield code="a">München</marc:subfield>
      <marc:subfield code="b">ArsEd.</marc:subfield>
      <marc:subfield code="c">2006</marc:subfield>
   </marc:datafield>
   <marc:datafield ind1="1" ind2=" " tag="520">
      <marc:subfield code="a">Angaben aus der Verlagsmeldung

Ich mag dich sehr, ich hab dich lieb : Eine Geschwister-Geschichte / von Hermien Stellmacher

O nein, nicht schon wieder! Leon hält sich die Ohren zu. Marie, seine kleine Schwester schreit und schreit. "Alle haben gesagt, dass es toll ist, wenn man eine Schwester bekommt.", sagt Leon zu seinem Teddybären. "Dabei kann sie nur schreien."Verschlafen trottet er ins Bad, wo Mama mit Marie am Wickeltisch beschäftigt ist. "Muss Marie denn immer schreien?", fragt Leon."Bald lacht sie bestimmt.", sagt Mama. Dann pupst die kleine Marie und Mama lacht. "Hast du das gehört? Das kann Marie schon!" Leon nickt und pupst auch. Das findet Mama gar nicht lustig...Leon findet die Welt ungerecht. Und überhaupt: Kleine Schwestern sind doof! Da geht er lieber nach draußen zum Spielen. Auf dem Spielpaltz lernt Leon Max und Anna kennen. Gemeinsam entdecken sie einsame Inseln und bauen riesige Sandburgen. Da vergeht die Zeit wie im Flug und Anna und Max müssen sich bald auf den Heimweg machen. "
</marc:subfield>
   </marc:datafield>
   <marc:datafield ind1=" " ind2=" " tag="020">
      <marc:subfield code="a">9783760714394</marc:subfield>
      <marc:subfield code="9">9783760714394</marc:subfield>
   </marc:datafield>
   <marc:datafield ind1=" " ind2=" " tag="041">
      <marc:subfield code="a">ger</marc:subfield>
   </marc:datafield>
   <marc:datafield ind1=" " ind2=" " tag="300">
      <marc:subfield code="a">28] S.</marc:subfield>
   </marc:datafield>
</marc:record>
